[Event "Chigorin Memorial 26th"]
[Site "St Petersburg"]
[Date "2018.10.31"]
[Round "5"]
[White "Kabanov, Nikolai"]
[Black "Shirshov, Nikolay"]
[Result "0-1"]
[WhiteElo "2481"]
[BlackElo "2040"]
[PlyCount "110"]
[EventDate "2018.10.27"]
[EventType "swiss"]
[EventRounds "9"]
[EventCountry "RUS"]
[SourceTitle "CBM 187 Extra"]
[Source "ChessBase"]
[SourceDate "2018.11.04"]
[SourceVersion "1"]
[SourceVersionDate "2018.11.04"]
[SourceQuality "1"]

1. d4 Nf6 2. Nf3 g6 3. Nc3 d5 4. Bf4 Bg7 5. e3 c6 6. Be2 0-0 7. Ne5 Nfd7 8. Nf3 Re8 9. h4 Nf8 10. h5 Bg4 11. Ne5 Bxe2 12. Qxe2 Nbd7 13. hxg6 hxg6 14. 0-0-0 Ne6 15. Qg4 Nxf4 16. exf4 e6 17. Rd3 c5 18. Rdh3 cxd4 19. Nxg6 Nf6 20. Qg5 fxg6 21. Qxg6 Kf8 22. Nb5 Ng8 23. f5 Qf6 24. Rf3 Qxg6 25. fxg6+ Nf6 26. Nc7 Rac8 27. Nxe8 Kxe8 28. Kd1 Rc7 29. Rf4 e5 30. Rf5 Re7 31. f3 Kd7 32. Re1 Kd6 33. g4 Nd7 34. f4 Re6 35. Rf7 Rxg6 36. fxe5+ Ke6 37. Rf4 Nxe5 38. Rxd4 Kd6 39. Ra4 Nc6 40. c3 Be5 41. Rg1 Kc5 42. g5 d4 43. cxd4+ Bxd4 44. Rg2 Rd6 45. Kc2 b5 46. Ra3 Nb4+ 47. Kb1 Be3 48. Rc3+ Kb6 49. Rc1 Bxc1 50. Kxc1 Nd3+ 51. Kb1 Ne5 52. Kc2 Rg6 53. Kb3 a5 54. Kc3 Nf7 55. Kd4 Nxg5 0-1

[Event "EU-ch blitz"]
[Site "Katowice"]
[Date "2017.12.15"]
[Round "3"]
[White "Schneider, Ilja"]
[Black "Shirshov, Nikolay"]
[Result "1-0"]
[WhiteElo "2517"]
[BlackElo "2197"]
[PlyCount "103"]
[EventDate "2017.12.15"]
[EventType "swiss (blitz)"]
[EventRounds "22"]
[EventCountry "POL"]
[SourceTitle "CBM 182 Extra"]
[Source "ChessBase"]
[SourceDate "2018.02.23"]
[SourceVersion "1"]
[SourceVersionDate "2018.02.23"]
[SourceQuality "1"]

1. e4 c5 2. c3 g6 3. d4 cxd4 4. cxd4 Bg7 5. Nc3 d6 6. Nf3 Nf6 7. Be2 0-0 8. 0-0 a6 9. Re1 b5 10. Bf1 Nc6 11. d5 Nb8 12. Be3 Nbd7 13. Nd4 Bb7 14. f3 Rc8 15. Qd2 Ne5 16. b3 Qa5 17. Rac1 Rc7 18. Nb1 Qxd2 19. Bxd2 Rfc8 20. Rxc7 Rxc7 21. Rc1 Rxc1 22. Bxc1 Nfd7 23. Be3 Nc5 24. h3 Kf8 25. Nc3 Ned7 26. b4 Na4 27. Nxa4 bxa4 28. a3 f5 29. exf5 Bxd4 30. Bxd4 gxf5 31. Kf2 Ne5 32. Ke3 Bxd5 33. Bxe5 dxe5 34. Bxa6 f4+ 35. Kd3 Ke8 36. Bb5+ Kd8 37. Bxa4 Kc7 38. Bb5 e6 39. Bc4 Kb6 40. a4 h6 41. a5+ Kb7 42. b5 h5 43. h4 Ka7 44. Kc3 Kb7 45. Kb4 e4 46. Bxd5+ exd5 47. fxe4 dxe4 48. Kc3 Kc7 49. Kd4 e3 50. Kd3 Kb7 51. g3 fxg3 52. Kxe3 1-0

[Event "EU-ch blitz"]
[Site "Katowice"]
[Date "2017.12.15"]
[Round "4"]
[White "Shirshov, Nikolay"]
[Black "Schneider, Ilja"]
[Result "0-1"]
[WhiteElo "2197"]
[BlackElo "2517"]
[PlyCount "106"]
[EventDate "2017.12.15"]
[EventType "swiss (blitz)"]
[EventRounds "22"]
[EventCountry "POL"]
[SourceTitle "CBM 182 Extra"]
[Source "ChessBase"]
[SourceDate "2018.02.23"]
[SourceVersion "1"]
[SourceVersionDate "2018.02.23"]
[SourceQuality "1"]

1. Nf3 Nf6 2. c4 c6 3. d4 d5 4. Nc3 a6 5. a4 e6 6. Bg5 Be7 7. e3 a5 8. Bd3 Na6 9. Rc1 0-0 10. 0-0 Nb4 11. Bb1 b6 12. cxd5 exd5 13. Ne5 Nd7 14. Bxe7 Qxe7 15. Nd3 Ba6 16. Re1 Bxd3 17. Bxd3 Nf6 18. Bb1 Rfe8 19. Qf3 Qd6 20. Qf5 Rad8 21. h3 Re7 22. g4 h6 23. g5 hxg5 24. Qxg5 Rde8 25. Kh1 Nh7 26. Qg4 Nf6 27. Qg5 Qe6 28. Kh2 Nh7 29. Qg3 Nf8 30. Rg1 Qh6 31. Ne2 Re6 32. Nf4 Rf6 33. Qg4 Ne6 34. Nh5 Rxf2+ 35. Kh1 Kh8 36. b3 Rg8 37. Bf5 Qxe3 38. Nxg7 Qf3+ 39. Qxf3 Rxf3 40. Nxe6 fxe6 41. Bxe6 Rxg1+ 42. Rxg1 Rxb3 43. Kh2 c5 44. dxc5 bxc5 45. Rg8+ Kh7 46. Rc8 Rc3 47. h4 d4 48. h5 d3 49. Bf5+ Kh6 50. Rh8+ Kg5 51. Bg6 d2 52. Rd8 Nd3 53. Bxd3 d1Q 0-1

[Event "EU-ch rapid"]
[Site "Tallinn"]
[Date "2016.12.15"]
[Round "1"]
[White "Khalifman, Alexander"]
[Black "Shirshov, Nikolay"]
[Result "1-0"]
[WhiteElo "2617"]
[BlackElo "1991"]
[PlyCount "101"]
[EventDate "2016.12.15"]
[EventType "swiss (rapid)"]
[EventRounds "11"]
[EventCountry "EST"]
[SourceTitle "CBM 176 Extra"]
[Source "ChessBase"]
[SourceDate "2017.03.02"]
[SourceVersion "1"]
[SourceVersionDate "2017.03.02"]
[SourceQuality "1"]

1. d4 Nf6 2. c4 e6 3. Nf3 Bb4+ 4. Bd2 Be7 5. Nc3 0-0 6. e4 d5 7. Qc2 dxe4 8. Nxe4 Nc6 9. Bc3 Bb4 10. Bd3 Bxc3+ 11. Qxc3 Nxe4 12. Bxe4 Qf6 13. Ne5 Nxe5 14. dxe5 Qf4 15. Qd4 Qg5 16. h4 Rd8 17. Bxh7+ Kf8 18. Qc5+ Qe7 19. Qxe7+ Kxe7 20. Ke2 Rd4 21. b3 g6 22. Ke3 Rg4 23. Rag1 c5 24. f3 Rd4 25. h5 gxh5 26. Be4 Rb8 27. Rxh5 Bd7 28. Rc1 b6 29. Rhh1 Rg8 30. g4 Rd8 31. Rcd1 Be8 32. Rxd4 Rxd4 33. Rc1 a5 34. a4 Kf8 35. f4 Bd7 36. f5 exf5 37. gxf5 Ke7 38. Rf1 Bc8 39. Rf2 Rd1 40. f6+ Kd8 41. Bd5 Ke8 42. Rh2 Re1+ 43. Kf4 Rf1+ 44. Kg3 Rg1+ 45. Kf2 Rg8 46. Kf3 Bf5 47. Kf4 Bd7 48. Rd2 Rg4+ 49. Kf3 Rg5 50. Bxf7+ Kxf7 51. Rxd7+ 1-0

[Event "Chigorin Memorial 23rd"]
[Site "St Petersburg"]
[Date "2015.10.09"]
[Round "7"]
[White "Kiseleva, Arina"]
[Black "Shirshov, Nikolay"]
[Result "1/2-1/2"]
[WhiteElo "1998"]
[BlackElo "1714"]
[PlyCount "120"]
[EventDate "2015.10.03"]
[EventType "swiss"]
[EventRounds "9"]
[EventCountry "RUS"]
[SourceTitle "CBM 168 Extra"]
[Source "ChessBase"]
[SourceDate "2015.10.29"]
[SourceVersion "1"]
[SourceVersionDate "2015.10.29"]
[SourceQuality "1"]

1. d4 Nf6 2. Nf3 g6 3. c4 Bg7 4. Nc3 0-0 5. e4 d6 6. Be2 c5 7. 0-0 Re8 8. Re1 Nbd7 9. Bf1 cxd4 10. Nxd4 b6 11. f3 Bb7 12. Be3 a6 13. Qd2 Rc8 14. Rac1 Qc7 15. Nd5 Qb8 16. b4 Nxd5 17. exd5 Qa8 18. Bh6 Bf6 19. Bg5 a5 20. Bxf6 Nxf6 21. b5 Rc5 22. Qh6 Nxd5 23. cxd5 Bxd5 24. a4 e5 25. Rxc5 bxc5 26. Nc6 Re6 27. Rb1 c4 28. Rc1 Bxc6 29. bxc6 d5 30. c7 Qa7+ 31. Kh1 Qxc7 32. Qd2 Qc5 33. Qc3 Qb4 34. Qa1 Kg7 35. f4 f6 36. Rb1 Qc5 37. Rb5 Qd4 38. Qxd4 exd4 39. Kg1 Re1 40. Kf2 Ra1 41. Rxa5 d3 42. Rxd5 Rxa4 43. Kf3 Ra3 44. Ke3 Ra2 45. h3 f5 46. g3 Ra1 47. Bxd3 cxd3 48. Rxd3 Rh1 49. h4 Kh6 50. Rd7 Rh3 51. Kf3 Rh2 52. Rc7 Rh1 53. Rd7 Rh2 54. Rc7 Rh1 55. Rd7 Rh2 56. Rc7 Rh1 57. Rd7 Rh2 58. Rc7 Rh1 59. Rd7 Rh2 60. Rc7 Rh1 1/2-1/2

[Event "Chigorin Memorial 23rd"]
[Site "St Petersburg"]
[Date "2015.10.06"]
[Round "4"]
[White "Shirshov, Nikolay"]
[Black "Pavlov, Anatoly F"]
[Result "0-1"]
[WhiteElo "1714"]
[BlackElo "2018"]
[PlyCount "94"]
[EventDate "2015.10.03"]
[EventType "swiss"]
[EventRounds "9"]
[EventCountry "RUS"]
[SourceTitle "CBM 168 Extra"]
[Source "ChessBase"]
[SourceDate "2015.10.29"]
[SourceVersion "1"]
[SourceVersionDate "2015.10.29"]
[SourceQuality "1"]

1. Nf3 d5 2. g3 Nf6 3. Bg2 g6 4. 0-0 Bg7 5. c4 d4 6. e3 c5 7. exd4 cxd4 8. d3 Nc6 9. Re1 0-0 10. a3 a5 11. Bf4 Nh5 12. Qd2 Nxf4 13. Qxf4 Qb6 14. Qc1 Qb3 15. Bf1 Qb6 16. Nbd2 a4 17. Rb1 Re8 18. b4 axb3 19. Rxb3 Qc7 20. Qb2 h6 21. Bg2 Ra7 22. Rb5 Bf5 23. Ne4 Rea8 24. Nh4 Bc8 25. Ra1 Ne5 26. Qb3 Bd7 27. Rb4 Bc6 28. c5 e6 29. Nf3 Bd5 30. Qb1 Nxf3+ 31. Bxf3 Rxa3 32. Rxa3 Rxa3 33. Kg2 Qa5 34. Rxb7 f5 35. Rb8+ Kh7 36. Rb5 fxe4 37. dxe4 Qc3 38. Qd1 Bc6 39. Rb6 Qxc5 40. Rb1 d3 41. Qd2 Qc2 42. Qf4 Qxb1 43. h4 Ra1 44. Kh3 d2 45. Qxd2 Bxe4 46. h5 Bxf3 47. hxg6+ Qxg6 0-1

[Event "EU-ch U12 23rd"]
[Site "Budva"]
[Date "2013.09.30"]
[Round "2"]
[White "Radovanovic, Mihajlo"]
[Black "Shirshov, Nikolay"]
[Result "1-0"]
[WhiteElo "1941"]
[BlackElo "1794"]
[PlyCount "171"]
[EventDate "2013.09.29"]
[EventType "swiss"]
[EventRounds "9"]
[EventCountry "MNE"]
[SourceTitle "EXT 2014"]
[Source "ChessBase"]
[SourceDate "2013.11.20"]
[SourceVersion "1"]
[SourceVersionDate "2013.11.20"]
[SourceQuality "1"]

1. Nf3 Nf6 2. c4 g6 3. g3 Bg7 4. Bg2 0-0 5. 0-0 c5 6. d4 cxd4 7. Nxd4 d5 8. cxd5 Nxd5 9. Nc3 Nxc3 10. bxc3 Qc7 11. Qb3 Nc6 12. Ba3 Nxd4 13. cxd4 Bxd4 14. Rac1 Qb6 15. Bxe7 Re8 16. Ba3 Be6 17. Qc2 Rac8 18. Qd2 Rxc1 19. Bxc1 Rd8 20. Qc2 Rc8 21. Qd2 Bc3 22. Qc2 Bd4 23. Qd2 Bc3 24. Qc2 Qa6 25. a3 Bg4 26. Be3 Bf5 27. Qb3 Be6 28. Qxb7 Qxa3 29. Bxa7 Bg7 30. Be3 Qa2 31. Bf3 Qc4 32. Rc1 Qxc1+ 33. Bxc1 Rxc1+ 34. Kg2 Rd1 35. Qa8+ Bf8 36. h4 Rd2 37. h5 Ra2 38. Qb8 Ra3 39. Qe8 Ra6 40. Be4 Bg4 41. f3 Be6 42. g4 Bc4 43. Bd3 Bxd3 44. exd3 Re6 45. Qa8 Rd6 46. Qe4 Re6 47. Qc4 Re2+ 48. Kf1 Re3 49. Kf2 Re5 50. d4 Ra5 51. d5 Ra8 52. Qc6 Rd8 53. Ke3 Rd6 54. Qa8 Rb6 55. Ke4 Rd6 56. f4 Rb6 57. f5 Rd6 58. fxg6 fxg6 59. Ke5 Rb6 60. Qe8 gxh5 61. gxh5 Rh6 62. Kf5 Rd6 63. Ke4 Ra6 64. Qc8 Rh6 65. Qg4+ Kh8 66. Qf4 Kg8 67. Qg5+ Bg7 68. Kd3 Rd6 69. Kc4 h6 70. Qg3 Rd8 71. d6 Kf8 72. Kd5 Rd7 73. Qf2+ Rf7 74. Qc2 Bf6 75. Qc8+ Kg7 76. d7 Rf8 77. Qe8 Bg5 78. Kc6 Rf6+ 79. Kb7 Rf7 80. Kc6 Rf6+ 81. Kd5 Rf5+ 82. Kd4 Rf4+ 83. Ke5 Rf8 84. Qg6+ Kh8 85. Ke6 Rg8 86. Kf7 1-0